00920 2200205 4500001002100000005001500021008004100036020001500077035001900092041000800111082001000119084001600129100001900145245003500164260003300199300003000232500002300262520040300285650002600688INLIS00000000000789320200508204141200508||||||||| | ||| |||| ||eng|| a0764526278 0010-0520007893 aeng0 a005.4 a005.4/STE/M0 aGene Steinberg00aMoving to Mac OS X Painlsessly aNew YorkbMc Graw Hillc2003 axi,234p.b:illus.;c24cm. aIndeks : p.219-234 aMac OS X is a major departure from the older versions of the Macintosh operating system. For one thing, it sits atop a UNIX base and, thus, has an extraordinary number of powerful features. In addition, the new user interface, code-named Aqua, bears close resemblance to the Mac user experience on the surface, but there's a lot of difference, which you'll see when you explore the lay of the land. 0aTechnology - Computer